| Поле | Инд. | ПП | Название | Значение |
|---|---|---|---|---|
| Тип записи | a | |||
| Библиографический уровень | m | |||
| 001 | Контрольный номер | RU/LIBMSTU/439310249 | ||
| 005 | Дата корректировки | 20181217151911.7 | ||
| 008 | Кодируемые данные | 131202|||||||||ru |||||||||||000|||rus|| | ||
| 020 | a | ISBN | 978-5-86185-777-2 | |
| 040 | b | Код языка каталог. | rus | |
| 041 | 0_ | a | Код языка текста | rus |
| 084 | a | Индекс другой классификации/Индекс ББК | 81.2 | |
| 090 | a | Полочн. индекс | 81.2 | |
| x | Авторский знак | А 94 | ||
| 100 | 1_ | a | Автор | Афанасьева О. В. |
| 110 | 2_ | a | Организация/ юрисдикция | Мурманский государственный технический университет |
| 245 | 10 | a | Заглавие | Шведский язык. Общественно-политический перевод |
| b | Продолж. заглавия | учеб. пособие для вузов | ||
| c | Ответственность | Федер. агентство по рыболовству, ФГБОУ ВПО "Мурман. гос. техн. ун-т" | ||
| 246 | 01 | a | Другая форма заглавия | Svenska spraket. Oversattning |
| 260 | a | Место издания | Мурманск | |
| b | Издательство | Изд-во МГТУ | ||
| c | Дата издания | 2013 | ||
| 300 | a | Объем | 106 с. | |
| 500 | a | Примечание | Имеется электрон. аналог 2013 г. | |
| 504 | a | Библиография | Библиогр.: с. 83 | |
| 583 | 1_ | x | Служебное примечание | Мировая экономика. ВПО |
| 583 | 1_ | x | Служебное примечание | Междунар. отношения. ВПО |
| 650 | 04 | a | Основная рубрика | Шведский язык-Учебные издания для высших учебных заведений |
| 653 | 0_ | a | Ключевые слова | Переводы общественно-политические; Шведский язык |
| 901 | t | Тип документа | m | |
| 952 | c | Вид литературы | учебное пособие |